Devinez les paroles : Flash - Maëlle - Statistiques

Statistiques générales
  • Ce quiz a été pris 68 fois
  • Le résultat moyen est 199 sur 303
Statistiques - réponses
Réponse % Correct
Je
95%
le
89%
Le
89%
à
86%
des
86%
Des
86%
84%
la
84%
La
84%
si
84%
comme
81%
Comme
81%
Et
81%
et
81%
me
81%
Mes
81%
mes
81%
se
81%
T'es
81%
tu
81%
Tu
81%
Ce
78%
dans
78%
sont
76%
que
73%
Qui
73%
qui
73%
revois
73%
ses
73%
toujours
73%
Toujours
73%
ces
70%
elles
70%
Mais
70%
mon
70%
plus
70%
flashs
68%
on
68%
souvenirs
68%
tout
68%
Tout
68%
lui
65%
65%
pour
65%
sirènes
65%
veux
65%
vite ?
65%
entre
62%
fois
62%
fond
62%
puis
62%
qu'est-ce
62%
Qu'est-ce
62%
battent
59%
bruit
59%
dire ?
59%
encore
59%
pire
59%
première
59%
s'est
59%
sur
59%
t'imagines ?
59%
t'imagines
59%
un
59%
c'est
57%
désabonné
57%
J'entends
57%
j'entends
57%
matins
57%
M'emportent
57%
monde
57%
parle
57%
vagues
57%
d'espace
54%
j'n'avais
54%
mains
54%
Oh
54%
bas
51%
corps
51%
désaccordé
51%
était
51%
fuir ?
51%
juste
51%
J'voulais
51%
parler
51%
picotent
51%
redoute
51%
J'repense
49%
ressens
49%
reviennent
49%
sans
49%
au
46%
dernière
46%
t'en
46%
voulais
46%
blessures
43%
cris
43%
donner
43%
fil
43%
Jamais
43%
l'aide
43%
masquer
43%
mots
43%
poids
43%
restes
43%
souris
43%
l'écho
41%
regrets
41%
s'assombrit
41%
secrets
41%
souvent
41%
déçue
38%
dos
38%
éclat
38%
marche
38%
milieu
38%
nuit
38%
retrouve
38%
soleil
38%
courbé
35%
surprise
30%
Noyée
24%
T'est
19%
Aucun quiz correspondant
Distribution des résultats
% des personnes avec chaque résultat
Percentile par nombre de réponses
Votre historique - résultats
Vous n’avez pas pris ce quiz